Statistics for Results when you Google "Seas of the world"

Click here to take the quiz!

General Stats

  • This quiz has been taken 34 times
  • The average score is 21 of 50

Answer Stats

Bordering countries Sea % Correct
Egypt, Sudan, Eritrea, Djibouti, Yemen, Saudi Arabia, Jordan, IsraelRed Sea
100%
Spain, France, Monaco, Italy, Slovenia, Croatia, Bosnia and Herzegovina, Montenegro, Albania, Greece, Turkey, Syria, Lebanon, Israel, Egypt, Libya, Algeria, Morocco, Malta, CyprusMediterranean Sea
96%
Turkey, Bulgaria, Romania, Ukraine, RussiaBlack Sea
93%
Azerbaijan, Russia, Kazakhstan, Turkmenistan, IranCaspian Sea
93%
Venezuela, Colombia, Panama, Costa Rica, Nicaragua, Honduras, Guatemala, Belize, Mexico, Cuba, Jamaica, Haiti, Dominican Republic, St. Kitts and Nevis, Antigua and Barbuda, Dominica, St. Lucia, St. Vincent and the Grenadines, Grenada, Trinidad and TobagoCaribbean Sea
89%
Malaysia, Vietnam, China, Taiwan, Philippines, BruneiSouth China Sea
86%
Italy, Slovenia, Croatia, Bosnia and Herzegovina, Montenegro, AlbaniaAdriatic Sea
82%
Poland, Sweden, Finland, Estonia, Latvia, Lithuania, RussiaBaltic Sea
82%
United States, RussiaBering Sea
82%
Yemen, Oman, Iran, Pakistan, India, SomaliaArabian Sea
79%
United Kingdom, Norway, Denmark, Germany, Netherlands, BelgiumNorth Sea
79%
Australia, New ZealandTasman Sea
75%
Greece, TurkeyAegean Sea
75%
South Korea, ChinaYellow Sea
71%
South Korea, Japan, Taiwan, ChinaEast China Sea
68%
Greece, ItalyIonian Sea
57%
IndonesiaJava Sea
50%
Myanmar, Thailand, IndonesiaAndaman Sea
50%
Australia, Papua New Guinea, Solomon Islands, VanuatuCoral Sea
46%
East Timor, Indonesia, AustraliaTimor Sea
43%
Ireland, United KingdomIrish Sea
39%
ItalyTyrrhenian Sea
39%
Ukraine, RussiaSea of Azov
39%
Japan, Taiwan, Philippines, PalauPhilippine Sea
39%
RussiaKara Sea
39%
Iceland, NorwayNorwegian Sea
39%
RussiaLaptev Sea
36%
Russia, NorwayBarents Sea
36%
Russia, JapanSea of Okhotsk
36%
NoneSargasso Sea
32%
CanadaLabrador Sea
29%
Philippines, Malaysia, IndonesiaCelebes Sea
29%
Denmark (Greenland), Norway (Svalbard)Greenland Sea
29%
Philippines, MalaysiaSulu Sea
25%
(Antarctica)Ross Sea
25%
United States, CanadaBeaufort Sea
21%
(Antarctica)Weddell Sea
21%
RussiaEast Siberian Sea
21%
Indonesia, AustraliaArafura Sea
18%
RussiaWhite Sea
18%
Solomon Islands, Papua New GuineaSolomon Sea
11%
Papua New GuineaBismark Sea
7%
France, Ireland, United KingdomCeltic Sea
7%
United States, RussiaChuckchi Sea
7%
PhilippinesBohol Sea
4%
United StatesSalton Sea
4%
(Antarctica)Cooperation Sea
0%
(Antarctica)Amundsen Sea
0%
PhilippinesSibuyan Sea
0%
PhilippinesCamotes Sea
0%

Score Distribution

Percentile by Number Answered

Percent of People with Each Score

Your Score History

You have not taken this quiz